Language Quiz

Random Language or Letter Quiz
Score 0/21 Timer 04:00
2 Plays Today
Word Answer % Correct
_ _ b r aCobra
94.7%
_ _ b r aLibra
92.7%
B r a _ _Bravo
90%
_ b r a _ _ _ _ b r aAbracadabra
87%
_ _ _ _ b r aAlgebra
78.7%
B r a _ _Brass
74.6%
_ _ b r a _ _Embrace
71.7%
_ _ b r a _ _Library
70.3%
_ b r a _ _ _ _Abrasion
68.6%
B r a _ _ _Braves
64.9%
_ _ b r aZebra
62.8%
Word Answer % Correct
B r a _ _ _ _Braille
60.5%
B r a _ _ _Brahms
58.4%
_ _ b r a _ _ _Labrador
49.1%
_ _ _ _ b r a _ _Calibrate
35.9%
B r a _ _ _Brandy
35.6%
B r a _ _ _ _ _ _ _Braveheart
33.2%
_ _ _ _ b r a _Cerebral
30.4%
_ _ bra _ _Vibrato
29.4%
B r a _ _ _ _ _ _ _Bratislava
21.6%
B r a _ _ _ _Bracken
10.6%

You're not logged in!

Compare scores with friends on all Sporcle quizzes.
OR
Log In

Sporcle TV

Today on Sporcle TV


Watch our educational content, quiz creation guides, and fun videos on Sporcle TV.

Show Comments

Extras

Top Quizzes Today


Score Distribution

Paid Content

Your Account Isn't Verified!

In order to create a playlist on Sporcle, you need to verify the email address you used during registration. Go to your Sporcle Settings to finish the process.

Report this User

Report this user for behavior that violates our Community Guidelines.

Details: